| 000 | 00602nam a22001697a 4500 | ||
|---|---|---|---|
| 003 | AUA.1 | ||
| 005 | 20251118161521.0 | ||
| 008 | 250709b |||||||| |||| 00| 0 eng d | ||
| 040 | _cJTL | ||
| 100 | _aNcube, Lambart | ||
| 245 |
_aDiscovering spiritual gifts among church members at Rhodene Seventh-day Adventist Church in Masvingo, Zimbabwe / _cLambart Ncube. |
||
| 260 | _cc2024. | ||
| 300 |
_avii, 75 leaves : _bIllustrations : _c30cm. |
||
| 610 |
_aRhodene Seventh-day Adventist Church _zMasvingo, Zimbabwe |
||
| 650 | _aGifts, Spiritual | ||
| 942 |
_2aua _cPROJECT _hMA PTh _i.N38 2024 |
||
| 999 |
_c25168 _d25168 |
||